载入...
Status of woman enterpreneurs in India
| 主要作者: | |
|---|---|
| 格式: | Printed Book |
| 语言: | Undetermined |
| 出版: |
New Delhi
Kanishka Publishers, distributors
|
| LEADER | 00549nam a2200145Ia 4500 | ||
|---|---|---|---|
| 008 | 161229s9999 xx 000 0 und d | ||
| 020 | |a 817391561x | ||
| 082 | |a 658.42 GAN/ST | ||
| 100 | |a Ganesan, S | ||
| 245 | |a Status of woman enterpreneurs in India | ||
| 260 | |b Kanishka Publishers, distributors |a New Delhi | ||
| 300 | |a 176 | ||
| 942 | |c BK | ||
| 999 | |c 154650 |d 154650 | ||
| 952 | |0 0 |1 0 |4 0 |6 658_420000000000000_GANST |7 0 |9 153729 |a KAUCLV |b KAUCLV |d 2016-12-29 |g 395.00 |o 658.42 GAN/ST |p 905959 |r 2016-12-29 |w 2016-12-29 |y BK |z Book transferred from CCBM Library ,Acc.No:10033 | ||